000 00420nam a2200145Ia 4500
008 230917s9999||||xx |||||||||||||| ||und||
040 _e185286
_aMAIN
041 _aEnglish
082 _a320.850954 N42N
100 _aBaud, I S A
245 0 _aNew forms of Urban governance in India: Shifts models, networks and contestations
260 _aNew Delhi
_bSage Publications
_c2008
300 _axiii, 402 p.
942 _cBK
999 _c161536
_d161536